| 000 | 00648nam a22002057a 4500 | ||
|---|---|---|---|
| 005 | 20160609111930.0 | ||
| 010 | _aENG-115214 | ||
| 020 |
_a9789351503149 _c450.00 |
||
| 035 | _aEN-98746 | ||
| 037 | _bDBAD/PUB | ||
| 082 | 0 | 0 |
_a650.1 _223 |
| 100 | 1 |
_aMittra, Sid _d1930- |
|
| 245 | 1 | 0 |
_aTo bee or not to bee : _bwinning against all odds / _cby Sid Mittra |
| 260 |
_aNew Delhi _bSAGE Publications _c2015 |
||
| 270 |
_aB1/I-1 Mohan Cooperative Industrial Area, Mathura Road _bNew Delhi _e110044 |
||
| 300 |
_axxviii, 279p. _c22cm(pbk) |
||
| 650 | 0 | _aSuccess. | |
| 650 | 0 | _aMotivation (Psychology) | |
| 942 |
_2ddc _cEN _h650.1 _mMIT |
||
| 999 |
_c100229 _d100229 |
||